00847nam a2200205 a 450000100100000000500170001000800410002702000150006804000250008308200140010810000330012224501020015526001110025730000210036849000430038950400300043283000500046295201120051299900170062400004175620201002035733.0131016s1994 sp 000 0 spa d a840007405X aDO-SdBNPbspacBNPHU axxxxbxxx1 aCalvo Revuelta, Marta96860710aManual de preparación y conservación de invertebrados no artropodos. /cMarta Calvo Revuelta. aMadrid, :bMuseo Nacional de Ciencias NaturalesbConsejo Superior de Investigaciones Científicas,c1994. a140 p. ;c24 cm.1 aManuales Técnicos de Museologíav2 aBibliografía p: 131-140 0aManuales Técnicos de Museologíav2915414 001050718MOaGRbGRcCTd2013-10-16iLF1l0oxxxx xxxp41756-10r2020-06-25w2020-06-25y1ZNo se presta c41245d41245